| Tag |
First Indicator |
Second Indicator |
Subfields |
| LEADER |
00000cam a2200000 i 4500 |
| 001 |
in00003852467 |
| 005 |
20170309152943.0 |
| 008 |
160920e201609 it ab 001 0dita d |
| 010 |
|
|
|a 2016471445
|
| 035 |
|
|
|a (OCoLC)ocn962816194
|
| 040 |
|
|
|a ItFiC
|b eng
|e rda
|c C3L
|d DLC
|d UIU
|d ZCU
|d STF
|d NOC
|d TXA
|
| 020 |
|
|
|a 9788854896352
|
| 020 |
|
|
|a 8854896357
|
| 035 |
|
|
|a (OCoLC)962816194
|
| 041 |
0 |
|
|a ita
|b eng
|b pol
|
| 042 |
|
|
|a lccopycat
|
| 050 |
0 |
0 |
|a PQ4919.P36
|b Z713 2016
|
| 082 |
0 |
4 |
|a 853
|2 23
|
| 049 |
|
|
|a TXAM
|
| 100 |
1 |
|
|a Karp, Karol,
|e author.
|
| 245 |
1 |
0 |
|a Viaggio, cultura e identità :
|b la produzione migrante di Artur Spanjolli /
|c Karol Karp ; prefazione di Daniele Comberiati.
|
| 250 |
|
|
|a I edizione.
|
| 264 |
|
1 |
|a Ariccia (RM) :
|b Aracne editrice int.le S.r.l.,
|c settembre 2016.
|
| 300 |
|
|
|a 176 pages ;
|c 21 cm.
|
| 336 |
|
|
|a text
|b txt
|2 rdacontent
|
| 337 |
|
|
|a unmediated
|b n
|2 rdamedia
|
| 338 |
|
|
|a volume
|b nc
|2 rdacarrier
|
| 490 |
1 |
|
|a Oggetti e soggetti ;
|v 45
|
| 546 |
|
|
|a Text in Italian; summary in English and Polish.
|
| 504 |
|
|
|a Includes bibliographical references (pages 143-158) and index.
|
| 600 |
1 |
0 |
|a Spanjolli, Artur,
|d 1970-
|x Criticism and interpretation.
|
| 650 |
|
0 |
|a Immigrants' writings, Italian
|x History and criticism.
|
| 650 |
|
0 |
|a Italian literature
|x Foreign authors
|x History and criticism.
|
| 830 |
|
0 |
|a Oggetti e soggetti ;
|v 45.
|
| 994 |
|
|
|a C0
|b TXA
|
| 948 |
|
|
|a cataloged
|b h
|c 2017/3/9
|d c
|e jlanham
|f 3:29:07 pm
|
| 999 |
f |
f |
|s 74b99db2-3d5a-355b-8796-17e7744bc3ac
|i 54f4577b-bc21-3a6f-b7b5-2206b9086004
|t 0
|
| 952 |
f |
f |
|p normal
|a Texas A&M University
|b College Station
|c Sterling C. Evans Library
|d Evans: Library Stacks
|t 0
|e PQ4919.P36 Z713 2016
|h Library of Congress classification
|i unmediated -- volume
|m A14843695389
|
| 998 |
f |
f |
|a PQ4919.P36 Z713 2016
|t 0
|l Evans: Library Stacks
|